Reflexiones sobre el error de derecho en materia penal

Zapisane w:
Opis bibliograficzny
1. autor: Jiménez de Asúa, Luis (Autor)
Format: Książka
Język:hiszpański
Wydane: Buenos Aires Jurídica Argentina 1941
Hasła przedmiotowe:
Etykiety: Dodaj etykietę
Nie ma etykietki, Dołącz pierwszą etykiete!

MARC

LEADER 00000nam a2200000 a 4500
001 UCS0068
003 CL-VaPUC
008 970418e19410000AG |||||||||||||||||spa|d
082 0 4 |a 345.05  |b JIM  |2 21 
100 |a Jiménez de Asúa, Luis  |e author  |9 383442 
245 1 0 |a Reflexiones sobre el error de derecho en materia penal 
300 |a 130 p 
942 |c BK 
945 |d 19970418 00:00:00  |a cmena 
260 |a Buenos Aires  |b Jurídica Argentina  |c 1941 
650 7 |a ERROR JUDICIAL  |2 CL-VaPUC  |9 256181 
650 0 |a Código penal  |9 255935 
650 0 |a Delitos  |9 224143 
650 0 |a Moneda  |9 342365 
650 7 |a CRIMINALES  |2 CL-VaPUC  |9 322996 
650 7 |a DERECHO PENAL  |2 CL-VaPUC  |9 11 
583 |a last modification  |c 19970418 00:00:00  |k Rodrigo Vera 
999 |c 258322  |d 258320 
952 |0 0  |1 0  |4 0  |6 345_050000000000000_JIM_1941  |7 0  |8 A  |9 282343  |a BIBDER  |b BIBDER  |d 2019-11-19  |i 1827332  |o 345.05 JIM 1941  |p 1827332  |r 2023-01-25  |w 2019-11-19  |y BK  |k DER